| 000 | 00727nam a2200229 a 4500 | ||
|---|---|---|---|
| 005 | 20240912063839.0 | ||
| 008 | 120426s2000 ag r 000 0 spa d | ||
| 020 | _a9501115089 | ||
| 035 | _aUPN01000184262 | ||
| 049 | _aI | ||
| 050 | 4 |
_aPZ73 _bV5.2 |
|
| 100 | 1 |
_aVillaverde de Nessier, María del Carmen, _d1935- _932114 |
|
| 245 | 1 | 0 |
_aAventuras de entrecasa / _cMaría del Carmen Villaverde de Nessier; il. Loole. |
| 260 |
_aBuenos Aires : _bSigmar, _c2000. |
||
| 300 |
_a69 p. : _bil. |
||
| 440 | 0 | _aSueños de papel | |
| 650 | 4 |
_aCuentos infantiles argentinos _97466 |
|
| 650 | 0 |
_aHistorias de aventuras _94131 |
|
| 650 | 0 |
_aViajes y travesías _911045 |
|
| 650 | 7 |
_aAmistad entre niños _2 _94319 |
|
| 905 | _aInfantil | ||
| 999 |
_c156365 _d156365 |
||